Congress and congressmen in the pre-Gandhian era, 1885-1917 (Record no. 74361)

MARC details
000 -LEADER
fixed length control field 00853cam a22002651 4500
001 - CONTROL NUMBER
control field sa 67004286
003 - CONTROL NUMBER IDENTIFIER
control field DLC
005 - DATE AND TIME OF LATEST TRANSACTION
control field 20260227112345.0
008 - FIXED-LENGTH DATA ELEMENTS--GENERAL INFORMATION
fixed length control field 760331s1967 ii a b 001 0deng
010 ## - LIBRARY OF CONGRESS CONTROL NUMBER
LC control number sa 67004286
035 ## - SYSTEM CONTROL NUMBER
System control number (OCoLC)2082547
040 ## - CATALOGING SOURCE
Original cataloging agency DLC
Transcribing agency AAP
Modifying agency OCoLC
-- DLC
042 ## - AUTHENTICATION CODE
Authentication code premarc
050 00 - LIBRARY OF CONGRESS CALL NUMBER
Classification number DS447
Item number .M28
082 ## - DEWEY DECIMAL CLASSIFICATION NUMBER
Classification number 328.54/09
100 1# - MAIN ENTRY--PERSONAL NAME
Personal name Majumdar, Bimanbehari.
245 10 - TITLE STATEMENT
Title Congress and congressmen in the pre-Gandhian era, 1885-1917
Statement of responsibility, etc. [by] Bimanbehari Majumdar and Bhakat Prasad Mazumdar.
250 ## - EDITION STATEMENT
Edition statement [1st ed.]
260 ## - PUBLICATION, DISTRIBUTION, ETC.
Place of publication, distribution, etc. Calcutta,
Name of publisher, distributor, etc. Firma K.L. Mukhopadhyay
Date of publication, distribution, etc. [1967]
300 ## - PHYSICAL DESCRIPTION
Extent ii, 527 p.
Other physical details illus.
Dimensions 23 cm.
504 ## - BIBLIOGRAPHY, ETC. NOTE
Bibliography, etc. note Bibliography : p. [519]-522.
610 20 - SUBJECT ADDED ENTRY--CORPORATE NAME
Corporate name or jurisdiction name as entry element Indian National Congress.
651 #0 - SUBJECT ADDED ENTRY--GEOGRAPHIC NAME
Geographic name India
General subdivision Politics and government
Chronological subdivision 1765-1947.
700 1# - ADDED ENTRY--PERSONAL NAME
Personal name Mazumdar, Bhakat Prasad,
Relator term joint author.

No items available.

Powered by Koha